| 000 | 00376 a2200121 4500 | ||
|---|---|---|---|
| 001 | ART_23592 | ||
| 005 | 20260410161827.0 | ||
| 008 | 260409a | ||
| 245 | 1 | 0 | _aEvolución de la industria argentina en la postconvertibilidad |
| 100 | 1 | _aCalá, Carla Daniela | |
| 700 | 1 | _aRotta, Lautaro | |
| 773 | 0 |
_tFACES _g- Año 19, Nº 40/41 (ene./dic. 2013) _wREV5046 |
|
| 999 |
_c22847 _d22847 |
||